Rakousko

Na minha lista:
Detalhes bibliográficos
Autor principal: Filip, Jiří
Formato: Livro
Idioma:tcheco
Publicado em: Praha Československá obchodní a průmyslová komora 1991
Assuntos:
Tags: Adicionar Tag
Sem tags, seja o primeiro a adicionar uma tag!

MARC

LEADER 00000nam a2200000 4500
001 c001381
005 20250515080953.5
020 |a 80-7003-168-9 
041 0 |a cze 
044 |a CZ 
245 1 0 |a Rakousko  |c Jíří Filip 
264 1 |a Praha  |b Československá obchodní a průmyslová komora  |c 1991 
300 |a 32 s. 
610 2 0 |a Rakúsko 
610 2 0 |a rozvoj hospodársky 
610 2 0 |a trh vnútorný 
610 2 0 |a hospodárstvo národné 
610 2 0 |a politika 
100 1 |a Filip, Jiří